00584nam a22001937a 450000500170000001000110001702000210002803500110004903700160006004000120007608200130008810000190010124500480012026000440016827000500021230000210026265000530028365000540033620170124110110.0 a825604 c35.00a070090413 a825604 bCen Lib/Ret aDPLbEN a921bNOR aNoronha, R. P. aA tale told by an idiot /cby R. P. Noronha aNew DelhibVikas Publishing Housec1976 bNew Delhia5, Ansari Road, Darya Ganje110002 a182p. c21cm(Hb) aNoronha, R. P. -- (Ronald Piedade), -- 1916-1982 aMadhya Pradesh (India) -- Politics and government